Designs on construction (Record no. 65560)

MARC details
000 -LEADER
fixed length control field 01500cam a2200253 4500
001 - CONTROL NUMBER
control field ABS63267
008 - FIXED-LENGTH DATA ELEMENTS--GENERAL INFORMATION
fixed length control field 000000n2000 000 0 eng u
035 ## - SYSTEM CONTROL NUMBER
System control number (Sirsi) u109892
100 ## - MAIN ENTRY--PERSONAL NAME
Personal name Fox, S
245 ## - TITLE STATEMENT
Title Designs on construction
260 ## - PUBLICATION, DISTRIBUTION, ETC.
Date of publication, distribution, etc. 2000
490 ## - SERIES STATEMENT
Series statement Architects' Journal
Volume/sequential designation 212(19) 23 November 2000, 44(1)
520 ## - SUMMARY, ETC.
Summary, etc. Considers the issue that building design and building production should be more integrated as highlighted by studies of the construction industy such as the 1998 Egan Report and argues that architects should have a better grasp of building production techniques by learning from manufacturing. Architects produce a wide range of designs, following the different categories of buildings - standard, custom, hybrid and/or bespoke buildings and therefore architects need to have a comprehensive knowledge of production techniques for these categories and an understanding of how these techniques interact. The article suggests that such a level of knowledge is unrealistic and suggests that building design methodologies should be introduced for use by architects, consulting engineers and building component designers.
590 ## - LOCAL NOTE (RLIN)
Local note ABS
650 ## - SUBJECT ADDED ENTRY--TOPICAL TERM
Topical term or geographic name entry element ARCHITECTS
650 ## - SUBJECT ADDED ENTRY--TOPICAL TERM
Topical term or geographic name entry element BUILDING COMPONENTS
650 ## - SUBJECT ADDED ENTRY--TOPICAL TERM
Topical term or geographic name entry element BUILT ENVIRONMENT-CONSTRUCTION DESIGN
650 ## - SUBJECT ADDED ENTRY--TOPICAL TERM
Topical term or geographic name entry element CONSTRUCTION PROCESS
650 ## - SUBJECT ADDED ENTRY--TOPICAL TERM
Topical term or geographic name entry element PRODUCTION TECHNIQUES
650 ## - SUBJECT ADDED ENTRY--TOPICAL TERM
Topical term or geographic name entry element MANUFACTURING INDUSTRY
690 ## - LOCAL SUBJECT ADDED ENTRY--TOPICAL TERM (OCLC, RLIN)
Topical term or geographic name as entry element BUILT ENVIRONMENT-CONSTRUCTION DESIGN
700 ## - ADDED ENTRY--PERSONAL NAME
Personal name Cockerham, G.
942 ## - ADDED ENTRY ELEMENTS (KOHA)
Suppress in OPAC 0
Holdings
Withdrawn status Lost status Source of classification or shelving scheme Damaged status Not for loan Home library Current library Shelving location Date acquired Total Checkouts Full call number Barcode Date last seen Copy number Price effective from Koha item type
    Dewey Decimal Classification     London London Journal article 11/12/2000   ABS63267 109892-1001 06/08/2019 1 06/08/2019 Journal article